Advances in photosynthesis research. V 3 (Record no. 38341)

MARC details
000 -LEADER
fixed length control field 00957nam a2200313Ia 4500
082 ## - DEWEY DECIMAL CLASSIFICATION NUMBER
Classification number 581.132.001.5
Item number SYB.3
245 #0 - TITLE STATEMENT
Title Advances in photosynthesis research. V 3
260 ## - PUBLICATION, DISTRIBUTION, ETC. (IMPRINT)
Place of publication Hague
Name of publisher Martinus Nijhoff
Year of publication 1984
490 ## - SERIES STATEMENT
Series statement Advances in agricultural bioteechnology
505 ## - FORMATTED CONTENTS NOTE
Formatted contents note Proceedings of the VIth International Congress on photosynthesis, Brussels, Belgium, August 1-6, 1983
650 ## - SUBJECT ADDED ENTRY--TOPICAL TERM
Topical Term C4 photosynthesis
650 ## - SUBJECT ADDED ENTRY--TOPICAL TERM
Topical Term Carbon metabolism
650 ## - SUBJECT ADDED ENTRY--TOPICAL TERM
Topical Term Cation control
650 ## - SUBJECT ADDED ENTRY--TOPICAL TERM
Topical Term Chloroplast envelope
650 ## - SUBJECT ADDED ENTRY--TOPICAL TERM
Topical Term Electron transport
650 ## - SUBJECT ADDED ENTRY--TOPICAL TERM
Topical Term Enzyme regulation
650 ## - SUBJECT ADDED ENTRY--TOPICAL TERM
Topical Term Fluorescence
650 ## - SUBJECT ADDED ENTRY--TOPICAL TERM
Topical Term Phosphorylation
650 ## - SUBJECT ADDED ENTRY--TOPICAL TERM
Topical Term Photorespiration
650 ## - SUBJECT ADDED ENTRY--TOPICAL TERM
Topical Term Photosynthesis
650 ## - SUBJECT ADDED ENTRY--TOPICAL TERM
Topical Term Photosynthetic membrane
650 ## - SUBJECT ADDED ENTRY--TOPICAL TERM
Topical Term Photosystem
650 ## - SUBJECT ADDED ENTRY--TOPICAL TERM
Topical Term Prokaryotic membrane
650 ## - SUBJECT ADDED ENTRY--TOPICAL TERM
Topical Term Thylakoid
650 ## - SUBJECT ADDED ENTRY--TOPICAL TERM
Topical Term X-ray study
700 ## - ADDED ENTRY--PERSONAL NAME
Personal name SYBESMA, C
942 ## - ADDED ENTRY ELEMENTS (KOHA)
Koha item type Books
Holdings
Withdrawn status Lost status Damaged status Not for loan Home library Current library Date acquired Full call number Accession Number Koha item type
        RRII Library RRII Library 16/12/2021 581.132.001.5 SYB.3 18702 Books